000 00371nam a2200157Ia 4500
008 200103s9999||||xx |||||||||||||| ||und||
020 _a8120305809
040 _aIMU-MPC
082 _aColumn-47
100 _aRaghavan, V.
245 0 _aMaterials Science and Engineering
250 _a3rd Ed.
260 _bPrentice Hall, Inc.
_c1993
300 _axv, 400
942 _cBK
999 _c9453
_d9453